000 02052cam a22004574i 4500
003 PE-LiUPU
005 20250731183442.0
008 150706s2012 r 000 0 d
020 _a9788425225079
035 _a(Sirsi) i9788425225079
040 _aPE-LiUPU
_bspa
_cPE-LiUPU
_erda
049 _aPRUA
082 0 4 _a744.42
_bCh56
_221
100 1 _aChing, Francis D. K.,
_eautor.
245 1 0 _aDibujo y proyecto /
_cFrancis D. K. Ching y Steven P. Juroszek.
250 _a2a ed.
264 1 _aBarcelona :
_bGustavo Gili,
_c2012.
300 _a407 páginas :
_bilustraciones gráficos. ;
_c30 cm.
300 _a01 CD-ROM
336 _atext
_2rdacontent
337 _aunmediated
_2rdamedia
338 _avolume
_2rdacarrier
505 0 _aDibujo de observación -- Línea y forma -- Tono y textura -- Configuración y estructura -- Espacio y profundidad -- Sistemas gráficos de representación -- Sistemas pictóricos -- Dibujos con visión múltiple -- Dibujos con visión única axonométrica -- Visión perspectiva única -- Dibujo de imaginación -- Dibujo de especulación -- Diagramación -- Composición y dibujo -- Dibujo de presentación.
526 _aP158
526 _aP146
526 _aP17
526 _aP12
526 _aP06
541 _g015-0015393;
650 0 4 _aDiseño arquitectónico
_vManuales.
650 0 4 _aDibujo arquitectónico
_vManuales.
700 1 _aJuroszek, Steven P.,
_eautor.
700 1 _aCastan, Santiago,
_etr.
700 1 _aJiménez Romera, Carlos,
_eed.
910 _clch
_d20130705
942 _2ddc
_cBOOK
949 _a744.42 CH56
_wDEWEY
_c1
_i67604
_lCCODEBUL1
_mBUL
_p60.00
_r0
_sY
_tBOOK
_u2015-7-6
_xINGENIERIA
_PP06
_o.STAFF. Colección General
994 _aC0
_bPEPRU
596 _a1
999 _a744.42 CH56
_wDEWEY
_c55233
_i67604
_d55233
_e2019-4-21
_f2021-11-10
_g7
_lCCODEBUL1
_mBUL
_n17
_p60.00
_q3
_r0
_sY
_tBOOK
_u2015-7-6
_xINGENIERIA
_PP06
_0COMPRA
_o.STAFF. Colección Ingenieria y Arquitectura
980 _81
_gALBERTO SANCHEZ Responsable de Automatización